[Event "Ruhrgebiet Verbandsklasse Gruppe 2 1516"]
[Site "Germany"]
[Date "2016.03.20"]
[Round "8.7"]
[White "Dekhtyaryuk, Dimitri"]
[Black "Meissner, Tim"]
[Result "1-0"]
[WhiteElo "1869"]
[BlackElo "1058"]
[PlyCount "87"]
[EventDate "2015.09.06"]
[EventType "team-tourn"]
[EventRounds "9"]
[EventCountry "GER"]
[SourceTitle "EXT 2022"]
[Source "ChessBase"]
[SourceDate "2021.10.06"]
[SourceVersion "1"]
[SourceVersionDate "2021.10.06"]
[SourceQuality "1"]
[WhiteTeam "Eichlinghofen SV"]
[BlackTeam "Ickern"]
[WhiteTeamCountry "GER"]
[BlackTeamCountry "GER"]

1. c4 g6 2. Nc3 Nf6 3. Nf3 Bg7 4. g3 0-0 5. Bg2 d6 6. 0-0 Nc6 7. d4 e5 8. d5 Na5 9. Qd3 Bf5 10. e4 Bg4 11. b4 c6 12. bxa5 Qxa5 13. Bd2 c5 14. Rab1 Rab8 15. Nb5 Qb6 16. a4 a6 17. Nc3 Qd8 18. Rb2 Nd7 19. h3 Bxf3 20. Bxf3 Nf6 21. Rfb1 Qd7 22. Bg2 Nh5 23. Rb6 Qe7 24. Qc2 Qf6 25. Rxb7 Rxb7 26. Rxb7 Nf4 27. gxf4 exf4 28. Qd1 Bh6 29. Ra7 Rb8 30. Rxa6 f3 31. Qxf3 Qxf3 32. Bxf3 Bxd2 33. Nb5 f5 34. exf5 gxf5 35. Nxd6 f4 36. Nf5 Rb2 37. d6 Be3 38. Nxe3 fxe3 39. Bd5+ Kf8 40. Ra8+ Kg7 41. d7 e2 42. Rg8+ Kf6 43. d8Q+ Ke5 44. Qg5+ 1-0